Name all members of Bigbang - Statistics

General Stats
  • This quiz has been taken 47 times
  • The average score is 4 of 5
Answer Stats
Members % Correct
G-Dragon
97%
T.O.P
92%
Seungri
82%
Taeyang
82%
Daesung
79%
No matching quizzes found
Score Distribution
Percent of People with Each Score
Percentile by Number Answered
Your Score History
You have not taken this quiz